|
|
|
|
| LEADER |
00000nab a2200000Ia 4500 |
| 001 |
vtls010564897 |
| 003 |
SK-MaSNL |
| 005 |
20260304185156.0 |
| 008 |
250708|2004 xo r|p | 000 ||slo |
| 015 |
|
|
|a LMSMOPAJ
|2 lmsmopaj
|
| 035 |
|
|
|a (uuid)0d0e03c4-b230-4cd1-8346-6c8f7ad71985
|
| 035 |
|
|
|a urn:nbn:sk:snk-ab2vz6
|
| 035 |
|
|
|a (urnnbn)urn:nbn:sk:snk:ar-a030mv
|
| 038 |
|
|
|a LMSMOPAJ
|
| 040 |
|
|
|a SNKBUCL
|b slo
|c SNKBUCL
|e AACR2
|
| 041 |
0 |
|
|a slo
|
| 044 |
|
|
|a xo
|c SK
|
| 080 |
|
|
|a 796.5 (437.6)
|2 2001
|
| 080 |
|
|
|a 93/94
|2 2011
|
| 080 |
|
|
|a 502.2
|2 2011
|
| 100 |
1 |
|
|a Kollár, Daniel,
|d 1963-
|4 aut
|9 99818
|
| 245 |
1 |
0 |
|a Čo písali Krásy Slovenska v roku 1921
|
| 300 |
|
|
|a zv.
|b Foto 3
|c 24 cm
|
| 648 |
|
7 |
|a 1921
|2 SNK
|9 298079
|
| 650 |
0 |
7 |
|a vybrané z archívu
|2 lmsmopaj
|9 1093579
|
| 650 |
0 |
7 |
|a dejiny
|2 SNKPH
|9 3825
|
| 650 |
0 |
7 |
|a príroda
|2 SNKPH
|9 3813
|
| 655 |
|
7 |
|a články z novín a časopisov
|2 lmsmopaj
|9 267496
|
| 655 |
|
7 |
|a turistické časopisy
|2 lmsmopaj
|9 272437
|
| 710 |
2 |
0 |
|a Augustini, Peter (Bratislava, Slovensko)
|4 edt
|9 1093576
|
| 710 |
2 |
0 |
|a Kollár, Daniel (Bratislava, Slovensko)
|4 edt
|9 1093577
|
| 773 |
0 |
|
|t Krásy Slovenska
|d Bratislava : Dajama, 2004
|g Roc. 81, č. 1-2 (2004), s. 44-45
|x 0323-0643
|
| 850 |
|
|
|a Slovenská národná knižnica
|
| 852 |
|
|
|a Slovenská národná knižnica
|
| 954 |
|
|
|a odborná, vedecká literatúra pôvodná (slovenská)
|2 lita
|
| 958 |
|
|
|a article27
|
| 999 |
|
|
|c 3041783
|d 3043713
|